Sarmiento y el periodismo

Збережено в:
Бібліографічні деталі
Автор: Fernandes Leys, Alberto (Автор)
Формат: Книга
Мова:Іспанська
Опубліковано: La Plata Universidad Nacional de La Plata 1962
Серія:Colección Cátedra Permanente, 1
Предмети:
Теги: Додати тег
Немає тегів, Будьте першим, хто поставить тег для цього запису!

MARC

LEADER 00000nam a2200000 a 4500
001 UCZ2309
003 CL-VaPUC
008 950928e19620000AG |||||||||||||||||spa|d
082 0 4 |a 079.82  |b FER  |2 21 
100 0 |a Fernandes Leys, Alberto  |e author  |9 346057 
245 1 0 |a Sarmiento y el periodismo 
300 |a 101 p 
942 |c BK 
945 |d 19950928 00:00:00  |a awong 
260 |a La Plata  |b Universidad Nacional de La Plata  |c 1962 
600 0 |a Sarmiento, Domingo Faustino  |9 311947 
650 0 |a Periodismo   |9 310113 
650 0 |a Periodistas   |9 335499 
583 |a last modification  |c 19950928 00:00:00  |k Rodrigo Vera 
490 0 |a Colección Cátedra Permanente, 1 
999 |c 238938  |d 238936 
952 |0 0  |1 0  |4 0  |6 079_820000000000000_FER_1962  |7 0  |8 A  |9 249572  |a BIBCUR  |b BIBCUR  |d 2019-11-18  |i 3132315  |o 079.82 FER 1962  |p 3132315  |r 2025-04-22  |w 2019-11-18  |y BK  |k PER